| 000 | 00722cam a22002292 4500 | ||
|---|---|---|---|
| 001 | 0000021592 | ||
| 005 | 20151217152237.0 | ||
| 008 | 120726s xx 000 0 eng d | ||
| 020 | _a0852344953 : | ||
| 040 |
_aKABU _cKABU |
||
| 100 | 1 |
_aDavies, John Keith. _@0000182534 |
|
| 245 | 1 | 4 |
_aThe local church : _ba living body / _cJohn Keith Davies. |
| 250 | _a1st ed. | ||
| 260 |
_aGreat Britain : _bCPD wales, _c1998. |
||
| 300 | _a271 p. | ||
| 650 | 0 |
_aLocal church. _@0000182535 |
|
| 852 | 1 | _9p200 KES | |
| 852 | 1 | _9p200 KES | |
| 852 | 1 | _9p200 KES | |
| 908 | _a120726 | ||
| 950 | _@1 | ||
| 999 |
_c9747 _d9747 |
||